00815nam a2200205Ia 4500001002800000003000900028008004100037040002300078041001300101100002200114245011300136250001500249260003000264300002700294490002300321501012400344520010100468700001700569700002300586271.771- ALB gi fs (23028)IT-MiSPE171229s9999||||xx |||||||||||||| ||und|| aIT-MiSPEcIT-MiSPE aITALIANO aGiacomo Alberione 0aOpera omnia : Alle Figlie di San Paolo bMeditazioni e Istruzioni. Gli anni della prima espansione 1929-1933 a1a ed. (v) aRomabCasa Gen. FSPc2005 a376 p. [v., II]c22 cm aOpera omnia (1933) aEdizioni San Paolo srl - Piazza Soncino, 5 - 20092 CINISELLO BALSAMO (MI) (non commercial uses only) ® Copyright 2018 aSegretariato Internazionale di Spiritualità: Adeodata Deh˛ Elisabetta Capello, Monica Baviera aAdeodata Deh aElisabetta Capello